00286pab a2200109 454500008004000000245005800040260000900098300001000107362001100117650003300128773001500161180718b1990 xxu||||| |||| 00| 0 eng d aCan Government agencies be managed ? Panel Discussion c1990 a27-38 aSummer aGovernment Agencies - U.S.A. aBureaucrat